000 00682nam a2200241Ia 4500
003 OSt
005 20220928112405.0
006 a|||||r|||| 00| 0
007 ta
008 220927b |||||||| |||| 00| 0 eng d
024 _a75308
037 _cTextual
040 _aSDCL
_cSDCL
_beng
041 _2eng
_aeng
082 _aV:(B), L2
100 _aAydelotte William O Ed.
_9427707
245 0 _aDimensions of quantitative research in history
260 _aNew Jersey
_bPrinceton University
_c1972
300 _aix,435p
_ccm.
490 _aQuantitative studies in history
942 _hV:(B), L2
_cTEXL
_2CC
999 _c744473
_d744473